| 000 | 00798nam a22002297a 4500 | ||
|---|---|---|---|
| 005 | 20220615133427.0 | ||
| 008 | 130911t mx ||||| |||| 00| 0 spa d | ||
| 050 | 0 | 4 |
_aLA421 _bT35 1973 |
| 050 | 0 | 4 |
_aLC92.M6 _bT35 1973 |
| 100 | 1 | _aTalavera, Abraham | |
| 245 | 1 | 0 |
_aLiberalismo y educación / _cAbraham Talavera |
| 250 | _aPrimera edición | ||
| 260 |
_aMéxico : _bSecretaria de Educación Publica, _c1973 |
||
| 300 |
_av. ; _c17 cm. |
||
| 490 | 0 |
_aSepSetentas ; _v103, _v104 |
|
| 504 | _aIncluye indice | ||
| 505 | 0 |
_tT.I: Surgimiento de la conciencia educativa. _tT.II: La Reforma y la intervención. |
|
| 650 | 7 |
_2lemb _aEducación y estado _zMéxico |
|
| 650 | 7 |
_2lemb _aEducación _xPolítica y gobierno _zMéxico |
|
| 650 | 7 |
_2lemb _aEnseñanza _zMéxico _xHistoria |
|
| 942 |
_2lcc _cLIB |
||
| 999 |
_c41317 _d41317 |
||